Marketing Greatest Hits: Another Masterclass in Modern Marketing Ideas (Record no. 5846)

MARC details
005 - DATE AND TIME OF LATEST TRANSACTION
control field 20250628075053.0
020 ## - INTERNATIONAL STANDARD BOOK NUMBER
International Standard Book Number 978-1-4081-5721-3
082 ## - DEWEY DECIMAL CLASSIFICATION NUMBER
Classification number 658.8 DUN
100 ## - MAIN ENTRY--PERSONAL NAME
Author name DUNCAN, K
245 ## - TITLE STATEMENT
Title Marketing Greatest Hits: Another Masterclass in Modern Marketing Ideas
260 ## - PUBLICATION, DISTRIBUTION, ETC.
Place of publication, distribution, etc. Great Britain
Name of publisher, distributor, etc. Bloomsbury
Date of publication, distribution, etc. 2012.
300 ## - PHYSICAL DESCRIPTION
Extent x,194p.
Other physical details Index
Dimensions 19cm
942 ## - ADDED ENTRY ELEMENTS (KOHA)
Source of classification or shelving scheme Dewey Decimal Classification
Koha item type Books
Holdings
Date last seen Total checkouts Full call number Barcode Cost, replacement price Price effective from Koha item type Lost status Source of classification or shelving scheme Damaged status Not for loan Withdrawn status Home library Current library Shelving location Date acquired Source of acquisition Cost, normal purchase price
06/28/2025   658.8 DUN MZA0002871 60000.00 06/28/2025 Books   Dewey Decimal Classification       CBE Mwanza CBE Mwanza General Collection 06/15/2016 Donation from TLSB 20000.00